Предприниматель и предпринимательство; Предпринимательство или Как завести собственное дело и добиться успеха

Detalhes bibliográficos
Parent link:Предпринимательство или Как завести собственное дело и добиться успеха: Пер. с англ./ Р. Хизрич, М. Питерс. Вып. 1.— , 1991
Idioma:russo
Publicado em: 1991
Assuntos:
Formato: Livro
KOHA link:https://koha.lib.tpu.ru/cgi-bin/koha/opac-detail.pl?biblionumber=18206

MARC

LEADER 00000nam0a2200000 4500
001 18206
005 20231030191216.0
010 |a 501003304 
035 |a (RuTPU)RU\TPU\book\18355 
035 |a BOOK00003043 
090 |a 18206 
100 |a 20011209d1991 m y0rusy50 ca 
101 1 |a rus  |c eng 
102 |a RU 
105 |a y z 000zy 
200 1 |a Предприниматель и предпринимательство 
210 |d 1991 
215 |a 160 с. 
461 |t Предпринимательство или Как завести собственное дело и добиться успеха  |o Пер. с англ.  |v Вып. 1  |f Р. Хизрич, М. Питерс  |d 1991 
610 1 |a экономика 
610 1 |a бизнес 
610 1 |a предпринимательство 
610 1 |a США 
686 |a У9(7США)  |v LBC/SL-A  |2 rubbk 
801 0 |a RU  |b 63413507  |c 20011209  |g PSBO 
801 2 |a RU  |b 63413507  |c 20120214  |g PSBO 
942 |c BK